000
00223nam a22000857a 4500
008
160829b xxu||||| |||| 00| 0 eng d
100
_9
261
_a
Dhiren M. Doshi
245
_a
Science-VI
260
_a
New Delhi
_b
Cordova publication
_c
2016
999
_c
2919
_d
2919